Chansons de Ninho - Album NI - Statistiques

Statistiques générales
  • Ce quiz a été pris 10 fois
  • Le résultat moyen est 11 sur 16
Statistiques - réponses
Ordre dans l'album Chansons % Correct
12 Eurostar
100%
06 25 G
83%
09 Bad
83%
08 Branché sur Snap
83%
10 Dans la peau
83%
01 La vie de Johnny
83%
11 No Love
83%
13 Chiraq
67%
14 Plus qu'eux
67%
07 Respect
67%
02 Yo Moko Oyebi
67%
04 Blue Story
50%
15 Bon qu'à ça
50%
05 Edouard Nahum
50%
03 Rich Porter
50%
16 Grands ensembles
33%
Aucun quiz correspondant
Distribution des résultats
% des personnes avec chaque résultat
Percentile par nombre de réponses
Votre historique - résultats
Vous n’avez pas pris ce quiz